Institutiones Logicae : Institutiones Logicae, Qvas In Usum Discipulorum Conscripsit Ioan. Bapt. Horváth E Soc. Iesu, Philosophiae Doctore, Ejusdemqve In Academia Budensi Professor Publicus Ordinarius.

Podrobná bibliografia
Hlavný autor: Horváth, Ján Krstiteľ, 1732-1800 (Author)
Korporácia: Akademická tlačiareň (Printer), knižnice - Knižnica Právnickej akadémie (Signer)
Médium: Kniha
Jazyk:Latin
Vydané: Tyrnavaie : Typis Collegii Academici Soc. Jesu, Anno M. DCC. LXVII [=1767]
Témy:
Signatúra: R 299 PA
LEADER 01883nam a2200373 a 4500
001 000000078
005 00000000000000.0
008 000526s1767 xo e lat
FMT
040 |a SVKKK  |b slo  |c SVKKK  |e AACR2 
041 0 |a lat 
044 |a xo  |c SK 
080 |a 16(07) 
100 1 |a Horváth, Ján Krstiteľ,  |d 1732-1800  |4 aut 
245 1 0 |a Institutiones Logicae :  |b Institutiones Logicae, Qvas In Usum Discipulorum Conscripsit Ioan. Bapt. Horváth E Soc. Iesu, Philosophiae Doctore, Ejusdemqve In Academia Budensi Professor Publicus Ordinarius. 
260 |a Tyrnavaie :  |b Typis Collegii Academici Soc. Jesu,  |c Anno M. DCC. LXVII [=1767] 
300 |a [8],131,[5] s. )(/4,A/8-H/8,I/4,[2] [=72] list.  |c 8°. 21x13 cm 
500 |a Vinety ornam., vlys ornam., linky ozdobné, inic. s ornam. pozadím v rámčeku na 4 r., verz. vo voľ. priestore na 2 r., typograf. ozdoby, kustódy. 
508 |a Na zl. )(/2-)(/4 nesignov. úvod. 
510 4 |a Petrik II/166; Hanakovič I/425; Telgársky-Banská III/1625; Zelliger 136; Podmanická 0; Telgársky 0; Kolodziejský 0; Rizner 0; Uherková 0; Pumprla 0; Dokoupil 0. 
561 |a Peč.: Štátna vedecká knižnica v Košiciach; K. K. Rechtsakad. Bibliothek In Kaschau. Tlač. exlibris: Kassai királyi jogakademia Könyvtára Szekrény szám XX. Osztályzat e. Rkp.: Collegij Cassoviensis Socttis Jesu Anno 1771. 
563 |a Pôvodná - lepenka, hnedá mramor. koža, chrbát so zlát. ornam.-link. slepotlačou a s textom "Institu Logicae P. Horvát" 
653 1 |a filozofia 
653 1 |a logika 
653 2 |a učebnice 
710 0 |a Akademická tlačiareň  |c Trnava  |d 1648-1773  |4 prt 
710 0 |a knižnice - Knižnica Právnickej akadémie  |c Košice  |4 sgn 
752 |a Slovensko  |d Trnava 
852 |p R 299 PA 
904 |a ac kc yyyb 1001 
905 |a bf a0cb 
910 |a svkkk 
998 |a TRNTL 
BAS